• 首页
  • 本馆介绍
  • 公告通知
  • 最新文献
  • 馆藏检索
  • 电子资源
  • 读者导购
  • 参考咨询
  • 我的图书馆
  • 登录
  • 详细信息显示
  • 放入我的书架
  • 预约/预借图书
  • 作者相关作品
  • 分类相关作品
  • 丛书相关作品
  • 出版社相关作品

书目信息

  • 表格格式
  • 工作单格式
  • 卡片格式
题名:
图的可区别染色引论
    
 
作者: 陈祥恩 编著
分册:  
出版信息: 北京   中国科学技术出版社  2015.11
页数: 240页
开本: 24cm
丛书名:
单 册:
中图分类: O157.5
科图分类:
主题词: 图论
电子资源:
ISBN: 978-7-5046-7016-8
000 00920nam0 2200241 450
001 0400001130
005 20171014152443.0
010    @a978-7-5046-7016-8@dCNY39.00
100    @a20150920d2015 em y0chiy50 ea
101 0  @achi
102    @aCN@b110000
105    @ay z 000yy
106    @ar
200 1  @a图的可区别染色引论@9tu de ke qu bie ran se yin lun@d= An introduction to the distinguishing coloring of graphs@f陈祥恩编著@zeng
210    @a北京@c中国科学技术出版社@d2015.11
215    @a240页@d24cm
330    @a本书是作者在多年给研究生讲授“图的可区别染色”课程所写讲稿的基础上整理而成的,内容涉及:点可区别正常边染色、邻点可区别正常边染色、点可区别全染色、邻点可区别全染色等。
510 1  @aIntroduction to the distinguishing coloring of graphs@zeng
606 0  @a图论
690    @aO157.5@v5
701  0 @a陈祥恩@9chen xiang en@4编著
801  0 @aCN@b91MARC@c20171014
905    @b1020041-5@dO157.5@f5@e111
    
    图的可区别染色引论= An introduction to the distinguishing coloring of graphs/陈祥恩编著.-北京:中国科学技术出版社,2015.11
    240页;24cm
    
    
    ISBN 978-7-5046-7016-8:CNY39.00
    本书是作者在多年给研究生讲授“图的可区别染色”课程所写讲稿的基础上整理而成的,内容涉及:点可区别正常边染色、邻点可区别正常边染色、点可区别全染色、邻点可区别全染色等。
●
相关链接 在E读中查询图书 在五车中查询图书 在当当中查询图书 在豆瓣中查询图书


正题名:图的可区别染色引论     索取号:O157.5/111         预约/预借

序号 登录号 条形码 馆藏地/架位号 状态 备注
1 1020041   210200414   第二样本阅览室/ [索取号:O157.5/111] 在馆    
2 1020042   210200423   数信系资料室/ [索取号:O157.5/111] 在馆    
3 1020043   210200432   第三借阅区/ [索取号:O157.5/111] 在馆    
4 1020044   210200441   第三借阅区/ [索取号:O157.5/111] 在馆    
5 1020045   210200450   第三借阅区/ [索取号:O157.5/111] 在馆    
唐山师范学院图书馆 欢迎您!
大连网信软件有限公司© 版权所有